सोनागाछी की चम्पा / (Record no. 157203)

MARC details
000 -LEADER
fixed length control field 01181nam a22002777a 4500
003 - CONTROL NUMBER IDENTIFIER
control field dpl
005 - DATE AND TIME OF LATEST TRANSACTION
control field 20180908133205.0
008 - FIXED-LENGTH DATA ELEMENTS--GENERAL INFORMATION
fixed length control field 180908b xxu||||| |||| 00| 0 eng d
010 ## - LIBRARY OF CONGRESS CONTROL NUMBER
LC control number B-111693
020 ## - INTERNATIONAL STANDARD BOOK NUMBER
Terms of availability 120.00
035 ## - SYSTEM CONTROL NUMBER
System control number B-111693
037 ## - SOURCE OF ACQUISITION
Source of stock number/acquisition BPPD/PUB
040 ## - CATALOGING SOURCE
Original cataloging agency DPL
Language of cataloging HN
Transcribing agency 0
082 ## - DEWEY DECIMAL CLASSIFICATION NUMBER
Classification number
Item number भट्टाचा
100 ## - MAIN ENTRY--PERSONAL NAME
Personal name भट्टाचार्य, निमाई
9 (RLIN) 74685
245 ## - TITLE STATEMENT
Title सोनागाछी की चम्पा /
Statement of responsibility, etc निमाई भट्टाचार्य ; अनुवादक कुमार नीलाभ
260 ## - PUBLICATION, DISTRIBUTION, ETC. (IMPRINT)
Place of publication, distribution, etc नयी दिल्ली
Name of publisher, distributor, etc डायमंड पॉकेट बुक्स
Date of publication, distribution, etc 2002
270 ## - ADDRESS
Address x-30, ओखला इंडस्ट्रियल एरिया
City नयी दिल्ली
Postal code 110020
300 ## - PHYSICAL DESCRIPTION
Extent 118पृ.
Dimensions 23सेमी(सजिल्द)
650 ## - SUBJECT ADDED ENTRY--TOPICAL TERM
Topical term or geographic name as entry element हिन्दी साहित्य
9 (RLIN) 74686
650 ## - SUBJECT ADDED ENTRY--TOPICAL TERM
Topical term or geographic name as entry element हिन्दी -- उपन्यास
9 (RLIN) 74687
650 ## - SUBJECT ADDED ENTRY--TOPICAL TERM
Topical term or geographic name as entry element Hindi literature
9 (RLIN) 74688
650 ## - SUBJECT ADDED ENTRY--TOPICAL TERM
Topical term or geographic name as entry element Hindi -- Fiction
9 (RLIN) 27248
700 ## - ADDED ENTRY--PERSONAL NAME
Personal name नीलाभ, कुमार
942 ## - ADDED ENTRY ELEMENTS (KOHA)
Source of classification or shelving scheme Dewey Decimal Classification
Koha item type Hindi Books
Classification part
Call number suffix भट्टाचा
Holdings
Withdrawn status Lost status Source of classification or shelving scheme Damaged status Not for loan Collection code Home library Current library Date acquired Source of acquisition Cost, normal purchase price Total Checkouts Full call number Barcode Date last seen Cost, replacement price Price effective from Koha item type Shelving location Date checked out
    Dewey Decimal Classification     Fiction Patel Nagar Patel Nagar 07/12/2018 BPPD/PUB 120.00 2 उ भट्टाचा B-111689 16/04/2022 120.00 07/12/2018 Hindi Books General Stacks 02/04/2022
    Dewey Decimal Classification     Fiction Shahdara Branch Shahdara Branch 08/09/2018 BPPD/PUB 120.00   उ भट्टाचा B-111693 08/09/2018 120.00 08/09/2018 Hindi Books    

© Delhi Public Library
Hit Counter
free hit counter